000 00670nam a2200229 a 4500
999 _c882
_d882
008 191106r20042013ii a|||g |||| 001 0 eng d
020 _a9788120324480
_cRs. 225.00
040 _aKO
_beng
041 0 _aeng
044 _aii
082 0 4 _223
_a620.11
_bSh233
100 1 _aSharma, C. P.
245 1 0 _aEngineering Materials :
_bProperties and Applications of Metals and Alloys /
_cC. P. Sharma
260 _aDelhi :
_bPHI Learning Private Limited,
_c2004, reprinted 2013
300 _axiii, 258 p. :
_bill. ;
_c24 cm.
504 _aIncludes index.
650 0 _aSteel
_vTextbooks
650 0 _aMetals
_xAlloys
_vTextbooks
904 _aS_JOY
942 _cBK